Welcome to CU Library Online Public Access Catalogue (OPAC)

Cost and Management Accounting: (Record no. 3227)

MARC details
000 -LEADER
fixed length control field 00504nam a22001577a 4500
005 - DATE AND TIME OF LATEST TRANSACTION
control field 20250129182928.0
008 - FIXED-LENGTH DATA ELEMENTS--GENERAL INFORMATION
fixed length control field 250129b |||||||| |||| 00| 0 eng d
020 ## - INTERNATIONAL STANDARD BOOK NUMBER
International Standard Book Number 9781861529053
050 ## - LIBRARY OF CONGRESS CALL NUMBER
Classification number HF5686
Item number .C8 2003
245 ## - TITLE STATEMENT
Title Cost and Management Accounting:
Remainder of title An Introduction /
Statement of responsibility, etc. [Editor] Colin Dury
250 ## - EDITION STATEMENT
Edition statement 5th ed.
260 ## - PUBLICATION, DISTRIBUTION, ETC.
Place of publication, distribution, etc. London
Name of publisher, distributor, etc. Thomas Learning
Date of publication, distribution, etc. c2003
300 ## - PHYSICAL DESCRIPTION
Extent xix, 552 pages
Other physical details Index
Dimensions 26cm
650 ## - SUBJECT ADDED ENTRY--TOPICAL TERM
Source of heading or term Accounting
General subdivision Cost Accounting
-- Management Accounting
942 ## - ADDED ENTRY ELEMENTS (KOHA)
Source of classification or shelving scheme Library of Congress Classification
Koha item type Books
Edition 5th ed.
Suppress in OPAC No
999 ## -
-- 3227
-- 3227
Holdings
Withdrawn status Lost status Source of classification or shelving scheme Damaged status Not for loan Collection Home library Current library Shelving location Date acquired Total checkouts Full call number Barcode Date last seen Copy number Price effective from Koha item type
    Library of Congress Classification     Non-fiction Business Library (Miotso) Business Library (Miotso) Reference 01/29/2025   HF5686.C8 DRU bssm00000726 01/29/2025 1 01/29/2025 Books
    Library of Congress Classification     Non-fiction Business Library (Miotso) Business Library (Miotso) Reference 01/29/2025   HF5686.C8 DRU bssm00000727 01/29/2025 2 01/29/2025 Books
    Library of Congress Classification     Non-fiction Business Library (Miotso) Business Library (Miotso) Reference 01/29/2025   HF5686.C8 DRU bssm00000728 01/29/2025 3 01/29/2025 Books
    Library of Congress Classification     Non-fiction Business Library (Miotso) Business Library (Miotso) Reference 01/29/2025   HF5686.C8 DRU bssm00000729 01/29/2025 4 01/29/2025 Books
© 2023-2024 Copyright: Central University Libraries. All Rights Reserved | Created by: Mahone Tech Office